[Event "EYCC Open-U14 2019"]
[Site "Bratislava"]
[Date "2019.08.08"]
[Round "7.48"]
[White "Putar, Leon"]
[Black "Stockmann, Till"]
[Result "1-0"]
[WhiteElo "1742"]
[BlackElo "1975"]
[Annotator "NA"]
[PlyCount "23"]
[EventDate "2019.08.02"]
[EventType "swiss"]
[EventCountry "SVK"]
[SourceTitle "playchess.com"]
[Source "ChessBase"]
[SourceQuality "1"]
[TimeControl "40/5400+30:1800+30"]

1. e4 {[%emt 0:00:00]} c5 {[%emt 0:00:00]} 2. c3 {[%emt 0:00:00]} d5 {[%emt 0:01:11]} 3. e5 {[%emt 0:00:43]} Nc6 {[%emt 0:09:32]} 4. Nf3 {[%emt 0:05:54]} Bg4 {[%emt 0:03:53]} 5. Bb5 {[%emt 0:00:47]} e6 {[%emt 0:04:01]} 6. Bxc6+ {[%emt 0:00:54]} bxc6 {[%emt 0:00:37]} 7. Qa4 {[%emt 0:00:05]} f5 {[%emt 0:05:57]} 8. Qxc6+ {[%emt 0:00:23]} Ke7 {[%emt 0:02:45]} 9. Qb7+ {[%emt 0:00:16]} Ke8 {[%emt 0:00:24]} 10. Ng5 {[%emt 0:02:36]} Ne7 {[%emt 0:02:55]} 11. Nxe6 {[%emt 0:00:24]} Qc8 {[%emt 0:00:13]} 12. Qxa8 {[%emt 0:02:31]} 1-0

[Event "EYCC Open-U14 2019"]
[Site "Bratislava"]
[Date "2019.08.09"]
[Round "8.1"]
[White "Tsvetkov, Andrey"]
[Black "Popov, Konstantin"]
[Result "1/2-1/2"]
[WhiteElo "2324"]
[BlackElo "2367"]
[Annotator "NA"]
[PlyCount "119"]
[EventDate "2019.08.02"]
[EventType "swiss"]
[EventCountry "SVK"]
[SourceTitle "playchess.com"]
[Source "ChessBase"]
[SourceQuality "1"]
[TimeControl "40/5400+30:1800+30"]

1. d4 {[%emt 0:00:00]} Nf6 {[%emt 0:00:00]} 2. c4 {[%emt 0:00:00]} e6 {[%emt 0:00:06]} 3. Nc3 {[%emt 0:00:00]} Bb4 {[%emt 0:00:26]} 4. f3 {[%emt 0:00:00]} c5 {[%emt 0:00:36]} 5. d5 {[%emt 0:00:00]} d6 {[%emt 0:00:17]} 6. e4 {[%emt 0:00:18]} O-O {[%emt 0:00:33]} 7. Nge2 {[%emt 0:00:14]} a6 {[%emt 0:01:22]} 8. Ng3 {[%emt 0:04:13]} b5 {[%emt 0:01:03]} 9. Be2 {[%emt 0:01:44]} exd5 {[%emt 0:11:48]} 10. cxd5 {[%emt 0:00:06]} c4 {[%emt 0:00:57]} 11. O-O {[%emt 0:00:15]} Nbd7 {[%emt 0:01:05]} 12. Kh1 {[%emt 0:00:34]} Nc5 {[%emt 0:04:13]} 13. Be3 {[%emt 0:06:19]} Re8 {[%emt 0:04:26]} 14. Bd4 {[%emt 0:01:15]} Ba5 {[%emt 0:04:19]} 15. b3 {[%emt 0:15:03]} h5 {[%emt 0:19:48]} 16. bxc4 {[%emt 0:03:47]} h4 {[%emt 0:00:45]} 17. Nf5 {[%emt 0:00:16]} Bxf5 {[%emt 0:00:12]} 18. exf5 {[%emt 0:00:11]} b4 {[%emt 0:05:50]} 19. Ne4 {[%emt 0:09:00]} Ncxe4 {[%emt 0:09:10]} 20. fxe4 {[%emt 0:00:20]} Bb6 {[%emt 0:01:12]} 21. Bxf6 {[%emt 0:08:54]} Qxf6 {[%emt 0:01:16]} 22. Qd3 {[%emt 0:01:20]} Bc5 {[%emt 0:05:11]} 23. Rae1 {[%emt 0:12:40]} a5 {[%emt 0:01:38]} 24. Bd1 {[%emt 0:00:19]} a4 {[%emt 0:01:12]} 25. Re2 {[%emt 0:01:17]} Reb8 {[%emt 0:16:29]} 26. Bc2 {[%emt 0:01:27]} b3 {[%emt 0:05:49]} 27. axb3 {[%emt 0:00:13]} axb3 {[%emt 0:00:20]} 28. Bb1 {[%emt 0:00:43]} b2 {[%emt 0:02:35]} 29. e5 {[%emt 0:05:54]} dxe5 {[%emt 0:00:12]} 30. Qe4 {[%emt 0:00:01]} Bd4 {[%emt 0:00:34]} 31. Rd2 {[%emt 0:05:43]} Rc8 {[%emt 0:01:08]} 32. d6 {[%emt 0:00:17]} Rd8 {[%emt 0:00:33]} 33. c5 {[%emt 0:00:13]} Bxc5 {[%emt 0:00:29]} 34. Rxb2 {[%emt 0:00:13]} Bxd6 {[%emt 0:00:30]} 35. Ba2 {[%emt 0:01:34]} Rab8 {[%emt 0:00:24]} 36. Rxb8 {[%emt 0:01:22]} Rxb8 {[%emt 0:00:22]} 37. Rb1 {[%emt 0:00:03]} Rxb1+ {[%emt 0:00:40]} 38. Bxb1 {[%emt 0:08:45]} Qg5 {[%emt 0:00:35]} 39. Qe1 {[%emt 0:00:05]} Qf4 {[%emt 0:00:28]} 40. Be4 {[%emt 0:00:00]} Bb4 {[%emt 0:00:00]} 41. Qb1 {[%emt 0:00:56]} Qf2 {[%emt 0:15:37]} 42. Qd1 {[%emt 0:04:27]} Qe3 {[%emt 0:04:11]} 43. Bd5 {[%emt 0:19:34]} Bc5 {[%emt 0:10:32]} 44. Qb1 {[%emt 0:05:01]} Qd2 {[%emt 0:01:59]} 45. Be4 {[%emt 0:01:05]} Ba3 {[%emt 0:00:39]} 46. Qf1 {[%emt 0:00:38]} Qe3 {[%emt 0:00:00]} 47. Bd5 {[%emt 0:01:00]} e4 {[%emt 0:01:12]} 48. Qb1 {[%emt 0:12:36]} h3 {[%emt 0:00:27]} 49. Bxe4 {[%emt 0:00:51]} Bc1 {[%emt 0:00:19]} 50. gxh3 {[%emt 0:01:18]} Qe1+ {[%emt 0:00:19]} 51. Kg2 {[%emt 0:00:00]} Qe2+ {[%emt 0:00:20]} 52. Kg1 {[%emt 0:00:51]} Bf4 {[%emt 0:01:05]} 53. Bg2 {[%emt 0:00:15]} Qe5 {[%emt 0:00:11]} 54. Qe4 {[%emt 0:00:44]} Qc5+ {[%emt 0:00:39]} 55. Kf1 {[%emt 0:00:19]} Be3 {[%emt 0:00:30]} 56. Qd3 {[%emt 0:00:50]} Bd4 {[%emt 0:00:30]} 57. Be4 {[%emt 0:01:10]} Qc1+ {[%emt 0:00:29]} 58. Ke2 {[%emt 0:00:12]} Qb2+ {[%emt 0:00:43]} 59. Qd2 {[%emt 0:00:17]} Qb5+ {[%emt 0:00:10]} 60. Qd3 {[%emt 0:00:12]} 1/2-1/2

[Event "EYCC Open-U14 2019"]
[Site "Bratislava"]
[Date "2019.08.09"]
[Round "8.2"]
[White "Oglaza, Oskar"]
[Black "Kostolansky, Sebastian Lukas"]
[Result "1/2-1/2"]
[WhiteElo "2345"]
[BlackElo "2406"]
[Annotator "NA"]
[PlyCount "169"]
[EventDate "2019.08.02"]
[EventType "swiss"]
[EventCountry "SVK"]
[SourceTitle "playchess.com"]
[Source "ChessBase"]
[SourceQuality "1"]
[TimeControl "40/5400+30:1800+30"]

1. d4 {[%emt 0:00:00]} Nf6 {[%emt 0:00:00]} 2. c4 {[%emt 0:00:00]} g6 {[%emt 0:00:46]} 3. Nf3 {[%emt 0:00:00]} Bg7 {[%emt 0:00:06]} 4. g3 {[%emt 0:00:00]} b6 {[%emt 0:04:09]} 5. Bg2 {[%emt 0:01:48]} Bb7 {[%emt 0:00:05]} 6. Nc3 {[%emt 0:02:18]} O-O {[%emt 0:01:51]} 7. O-O {[%emt 0:01:09]} d6 {[%emt 0:10:00]} 8. Qc2 {[%emt 0:07:57]} c5 {[%emt 0:07:45]} 9. Rd1 {[%emt 0:14:44]} cxd4 {[%emt 0:05:00]} 10. Nxd4 {[%emt 0:20:32]} Bxg2 {[%emt 0:00:30]} 11. Kxg2 {[%emt 0:00:05]} Qc7 {[%emt 0:03:02]} 12. Nd5 {[%emt 0:07:10]} Nxd5 {[%emt 0:14:02]} 13. cxd5 {[%emt 0:00:10]} Qxc2 {[%emt 0:08:08]} 14. Nxc2 {[%emt 0:00:06]} Na6 {[%emt 0:02:37]} 15. Rb1 {[%emt 0:06:26]} Rfc8 {[%emt 0:02:56]} 16. Ne1 {[%emt 0:01:44]} Rc7 {[%emt 0:12:13]} 17. Bd2 {[%emt 0:05:22]} Nc5 {[%emt 0:05:30]} 18. Rdc1 {[%emt 0:12:02]} Rac8 {[%emt 0:01:34]} 19. f3 {[%emt 0:01:14]} e6 {[%emt 0:03:49]} 20. dxe6 {[%emt 0:02:01]} fxe6 {[%emt 0:00:07]} 21. b3 {[%emt 0:01:59]} Kf7 {[%emt 0:01:44]} 22. Rc2 {[%emt 0:00:45]} d5 {[%emt 0:03:42]} 23. Rbc1 {[%emt 0:00:08]} e5 {[%emt 0:00:42]} 24. Nd3 {[%emt 0:01:20]} Ne6 {[%emt 0:04:00]} 25. Rxc7+ {[%emt 0:00:17]} Rxc7 {[%emt 0:00:09]} 26. Rxc7+ {[%emt 0:01:27]} Nxc7 {[%emt 0:00:04]} 27. e4 {[%emt 0:00:20]} Ke6 {[%emt 0:01:20]} 28. Kf2 {[%emt 0:01:37]} Nb5 {[%emt 0:02:20]} 29. exd5+ {[%emt 0:00:08]} Kxd5 {[%emt 0:00:05]} 30. Nb4+ {[%emt 0:00:19]} Kd4 {[%emt 0:03:54]} 31. a4 {[%emt 0:00:42]} Nc7 {[%emt 0:01:04]} 32. Ke2 {[%emt 0:00:20]} Kc5 {[%emt 0:00:57]} 33. Nc2 {[%emt 0:04:17]} Ne6 {[%emt 0:00:38]} 34. Kd3 {[%emt 0:00:18]} Kd5 {[%emt 0:00:20]} 35. b4 {[%emt 0:00:58]} a6 {[%emt 0:00:59]} 36. Bc3 {[%emt 0:04:05]} Ng5 {[%emt 0:01:12]} 37. Ne3+ {[%emt 0:00:56]} Kc6 {[%emt 0:00:30]} 38. f4 {[%emt 0:02:13]} exf4 {[%emt 0:00:19]} 39. gxf4 {[%emt 0:00:58]} Bxc3 {[%emt 0:00:27]} 40. Kxc3 {[%emt 0:00:00]} Nf3 {[%emt 0:00:00]} 41. Kd3 {[%emt 0:10:26]} b5 {[%emt 0:05:35]} 42. a5 {[%emt 0:03:57]} Kd6 {[%emt 0:02:25]} 43. h3 {[%emt 0:02:14]} Ng1 {[%emt 0:04:32]} 44. h4 {[%emt 0:02:33]} Nf3 {[%emt 0:01:59]} 45. Ng2 {[%emt 0:03:25]} Kd5 {[%emt 0:02:26]} 46. Ne3+ {[%emt 0:00:09]} Ke6 {[%emt 0:01:29]} 47. Ke4 {[%emt 0:05:13]} Nxh4 {[%emt 0:02:11]} 48. Nd5 {[%emt 0:00:03]} Kd6 {[%emt 0:02:07]} 49. Nf6 {[%emt 0:00:14]} h6 {[%emt 0:06:12]} 50. Ne8+ {[%emt 0:03:02]} Kc6 {[%emt 0:03:00]} 51. Ng7 {[%emt 0:02:43]} Kd6 {[%emt 0:02:35]} 52. Ne8+ {[%emt 0:00:07]} Kc6 {[%emt 0:00:09]} 53. Ng7 {[%emt 0:00:08]} Kd7 {[%emt 0:01:25]} 54. Kd5 {[%emt 0:01:13]} Ng2 {[%emt 0:00:22]} 55. Ne6 {[%emt 0:00:13]} Ne3+ {[%emt 0:01:23]} 56. Ke5 {[%emt 0:00:06]} Ng4+ {[%emt 0:00:30]} 57. Kd5 {[%emt 0:00:05]} Nf6+ {[%emt 0:00:36]} 58. Ke5 {[%emt 0:00:03]} Ng4+ {[%emt 0:00:04]} 59. Kd5 {[%emt 0:00:06]} Nf6+ {[%emt 0:00:07]} 60. Ke5 {[%emt 0:00:06]} Ke7 {[%emt 0:01:22]} 61. Nc7 {[%emt 0:01:53]} Nd7+ {[%emt 0:00:38]} 62. Kd5 {[%emt 0:00:32]} Nb8 {[%emt 0:00:30]} 63. Kc5 {[%emt 0:01:07]} h5 {[%emt 0:00:39]} 64. f5 {[%emt 0:02:18]} gxf5 {[%emt 0:00:34]} 65. Nd5+ {[%emt 0:00:02]} Kd7 {[%emt 0:00:32]} 66. Nf6+ {[%emt 0:00:04]} Kc7 {[%emt 0:00:26]} 67. Nxh5 {[%emt 0:00:30]} Nc6 {[%emt 0:00:24]} 68. Ng7 {[%emt 0:01:55]} Ne5 {[%emt 0:00:27]} 69. Kd4 {[%emt 0:00:25]} Nc6+ {[%emt 0:00:30]} 70. Kc5 {[%emt 0:00:41]} Ne5 {[%emt 0:00:42]} 71. Kd4 {[%emt 0:00:08]} Nf3+ {[%emt 0:00:02]} 72. Ke3 {[%emt 0:01:06]} Nh4 {[%emt 0:00:25]} 73. Ne6+ {[%emt 0:00:05]} Kc6 {[%emt 0:01:02]} 74. Nc5 {[%emt 0:00:21]} Ng2+ {[%emt 0:00:19]} 75. Kf3 {[%emt 0:00:44]} Ne1+ {[%emt 0:00:23]} 76. Kf4 {[%emt 0:00:02]} Nc2 {[%emt 0:00:29]} 77. Nxa6 {[%emt 0:00:06]} Nd4 {[%emt 0:00:47]} 78. Ke5 {[%emt 0:01:22]} Nc2 {[%emt 0:00:04]} 79. Kxf5 {[%emt 0:00:06]} Kb7 {[%emt 0:00:05]} 80. Nc5+ {[%emt 0:00:06]} Ka7 {[%emt 0:00:04]} 81. Nd3 {[%emt 0:00:31]} Ka6 {[%emt 0:00:06]} 82. Ke5 {[%emt 0:00:19]} Nxb4 {[%emt 0:00:07]} 83. Nxb4+ {[%emt 0:00:05]} Kxa5 {[%emt 0:00:06]} 84. Nd5 {[%emt 0:00:02]} b4 {[%emt 0:00:08]} 85. Nxb4 {[%emt 0:00:02]} 1/2-1/2

[Event "EYCC Open-U14 2019"]
[Site "Bratislava"]
[Date "2019.08.09"]
[Round "8.3"]
[White "Kirillov, Dmitry"]
[Black "Can, Isik"]
[Result "1/2-1/2"]
[WhiteElo "2244"]
[BlackElo "2374"]
[Annotator "NA"]
[PlyCount "113"]
[EventDate "2019.08.02"]
[EventType "swiss"]
[EventCountry "SVK"]
[SourceTitle "playchess.com"]
[Source "ChessBase"]
[SourceQuality "1"]
[TimeControl "40/5400+30:1800+30"]

1. e4 {[%emt 0:00:00]} e5 {[%emt 0:00:00]} 2. Nf3 {[%emt 0:00:00]} Nc6 {[%emt 0:00:00]} 3. Bb5 {[%emt 0:00:00]} a6 {[%emt 0:00:00]} 4. Ba4 {[%emt 0:00:00]} Nf6 {[%emt 0:00:00]} 5. d3 {[%emt 0:00:00]} d6 {[%emt 0:00:00]} 6. a3 {[%emt 0:00:20]} g6 {[%emt 0:00:00]} 7. O-O {[%emt 0:04:05]} Bg7 {[%emt 0:00:05]} 8. Nc3 {[%emt 0:10:33]} O-O {[%emt 0:01:48]} 9. h3 {[%emt 0:02:42]} Nd7 {[%emt 0:18:43]} 10. Bb3 {[%emt 0:01:19]} Nc5 {[%emt 0:03:04]} 11. Ba2 {[%emt 0:02:30]} Be6 {[%emt 0:00:49]} 12. Nd5 {[%emt 0:02:58]} Nd4 {[%emt 0:09:22]} 13. b4 {[%emt 0:17:59]} Na4 {[%emt 0:07:06]} 14. Nxd4 {[%emt 0:10:53]} exd4 {[%emt 0:02:08]} 15. c4 {[%emt 0:01:21]} b5 {[%emt 0:13:18]} 16. Qc2 {[%emt 0:03:02]} Bxd5 {[%emt 0:07:44]} 17. cxd5 {[%emt 0:01:36]} f5 {[%emt 0:04:15]} 18. Bd2 {[%emt 0:06:54]} Nc3 {[%emt 0:07:15]} 19. Rae1 {[%emt 0:02:34]} f4 {[%emt 0:02:07]} 20. g3 {[%emt 0:00:29]} Be5 {[%emt 0:02:59]} 21. f3 {[%emt 0:02:10]} Rb8 {[%emt 0:02:24]} 22. Bb3 {[%emt 0:00:30]} h5 {[%emt 0:00:33]} 23. Bc1 {[%emt 0:01:31]} Qg5 {[%emt 0:03:21]} 24. Qg2 Qh4 25. g4 hxg4 {[%emt 0:03:36]} 26. Qxg4 {[%emt 0:02:08]} Qh7 {[%emt 0:01:46]} 27. Rf2 {[%emt 0:01:10]} Rf6 {[%emt 0:05:08]} 28. Rh2 {[%emt 0:00:10]} Kf8 {[%emt 0:01:09]} 29. Kh1 {[%emt 0:00:04]} Ke7 {[%emt 0:00:33]} 30. Bd2 {[%emt 0:00:07]} Rg8 {[%emt 0:01:55]} 31. Bxc3 {[%emt 0:02:12]} dxc3 {[%emt 0:00:04]} 32. Qg1 {[%emt 0:00:08]} Rff8 {[%emt 0:01:09]} 33. Qa7 {[%emt 0:10:59]} Qh4 {[%emt 0:00:35]} 34. Rg1 {[%emt 0:00:21]} Rc8 {[%emt 0:01:00]} 35. d4 {[%emt 0:00:04]} Bh8 {[%emt 0:00:55]} 36. e5 {[%emt 0:00:06]} Rgd8 {[%emt 0:01:03]} 37. Qxa6 {[%emt 0:03:57]} Qh5 {[%emt 0:01:23]} 38. Rg4 {[%emt 0:00:58]} Qf5 {[%emt 0:00:34]} 39. Bc2 {[%emt 0:00:27]} Qf7 {[%emt 0:00:01]} 40. Be4 {[%emt 0:10:33]} dxe5 {[%emt 0:00:36]} 41. Rxg6 {[%emt 0:00:56]} exd4 {[%emt 0:00:32]} 42. Qxb5 {[%emt 0:02:15]} Bf6 {[%emt 0:03:05]} 43. Qc5+ {[%emt 0:07:54]} Rd6 {[%emt 0:00:10]} 44. Bf5 {[%emt 0:00:32]} Qxd5 {[%emt 0:10:57]} 45. Bxc8 {[%emt 0:07:53]} Qxc5 {[%emt 0:00:35]} 46. bxc5 {[%emt 0:00:51]} Rd8 {[%emt 0:00:01]} 47. Bf5 {[%emt 0:07:55]} d3 {[%emt 0:00:01]} 48. Rg1 {[%emt 0:00:53]} Bd4 49. Rd1 {[%emt 0:01:24]} c2 {[%emt 0:05:37]} 50. Rxc2 {[%emt 0:03:25]} dxc2 {[%emt 0:00:02]} 51. Bxc2 {[%emt 0:00:07]} Ke6 {[%emt 0:01:11]} 52. Be4 {[%emt 0:00:41]} Ke5 {[%emt 0:00:20]} 53. Rd2 {[%emt 0:01:13]} Rb8 {[%emt 0:04:39]} 54. c6 {[%emt 0:00:20]} Ra8 {[%emt 0:01:22]} 55. Rd3 {[%emt 0:00:21]} Rg8 {[%emt 0:00:55]} 56. Rb3 {[%emt 0:01:59]} Bc5 {[%emt 0:04:22]} 57. Rd3 {[%emt 0:03:01]} 1/2-1/2

[Event "EYCC Open-U14 2019"]
[Site "Bratislava"]
[Date "2019.08.09"]
[Round "8.4"]
[White "Krastev, Alexander"]
[Black "Tadic, Stefan"]
[Result "1/2-1/2"]
[WhiteElo "2325"]
[BlackElo "2262"]
[Annotator "NA"]
[PlyCount "109"]
[EventDate "2019.08.02"]
[EventType "swiss"]
[EventCountry "SVK"]
[SourceTitle "playchess.com"]
[Source "ChessBase"]
[SourceQuality "1"]
[TimeControl "40/5400+30:1800+30"]

1. e4 {[%emt 0:00:00]} c5 {[%emt 0:00:00]} 2. Nf3 {[%emt 0:00:00]} Nf6 {[%emt 0:00:00]} 3. e5 {[%emt 0:05:48]} Nd5 {[%emt 0:00:00]} 4. Nc3 {[%emt 0:00:08]} Nxc3 {[%emt 0:00:00]} 5. dxc3 {[%emt 0:00:10]} e6 {[%emt 0:00:47]} 6. Bf4 {[%emt 0:02:12]} Qb6 {[%emt 0:00:48]} 7. b3 {[%emt 0:01:46]} Nc6 {[%emt 0:01:32]} 8. Bd3 {[%emt 0:11:23]} Qc7 {[%emt 0:00:58]} 9. O-O {[%emt 0:07:47]} h6 {[%emt 0:01:11]} 10. Qe2 {[%emt 0:02:11]} b6 {[%emt 0:07:30]} 11. Nd2 {[%emt 0:10:28]} Ne7 {[%emt 0:29:13]} 12. Bg3 {[%emt 0:06:17]} Bb7 {[%emt 0:03:27]} 13. a4 {[%emt 0:00:17]} Nd5 {[%emt 0:06:11]} 14. Ne4 {[%emt 0:04:56]} Be7 {[%emt 0:05:17]} 15. a5 {[%emt 0:07:58]} bxa5 {[%emt 0:05:46]} 16. Ra2 {[%emt 0:00:41]} Qb6 {[%emt 0:09:37]} 17. Rfa1 {[%emt 0:04:58]} O-O {[%emt 0:02:26]} 18. Rxa5 {[%emt 0:04:01]} f5 {[%emt 0:00:55]} 19. exf6 {[%emt 0:01:17]} Nxf6 {[%emt 0:01:01]} 20. c4 {[%emt 0:08:52]} Qc6 {[%emt 0:07:01]} 21. Re1 {[%emt 0:00:40]} a6 {[%emt 0:03:17]} 22. Be5 {[%emt 0:04:58]} d6 {[%emt 0:02:39]} 23. Bb2 {[%emt 0:03:06]} Rae8 {[%emt 0:00:36]} 24. Raa1 {[%emt 0:03:45]} Qc7 {[%emt 0:05:22]} 25. Nxf6+ {[%emt 0:04:08]} Bxf6 {[%emt 0:00:01]} 26. Bxf6 {[%emt 0:00:06]} Rxf6 {[%emt 0:00:05]} 27. Be4 {[%emt 0:00:48]} Ref8 {[%emt 0:00:36]} 28. Bxb7 {[%emt 0:00:39]} Qxb7 {[%emt 0:00:01]} 29. f3 {[%emt 0:00:24]} d5 {[%emt 0:03:56]} 30. Ra5 {[%emt 0:02:09]} Rc8 {[%emt 0:01:45]} 31. Rea1 Rc6 {[%emt 0:00:11]} 32. R5a4 {[%emt 0:01:49]} d4 {[%emt 0:02:14]} 33. Qe4 {[%emt 0:00:33]} Qc8 {[%emt 0:00:18]} 34. Ra5 {[%emt 0:02:01]} Rf8 {[%emt 0:01:15]} 35. Qd3 {[%emt 0:00:34]} Rf5 {[%emt 0:00:57]} 36. Re1 {[%emt 0:00:36]} Qc7 {[%emt 0:00:15]} 37. Raa1 {[%emt 0:00:13]} Rh5 {[%emt 0:00:39]} 38. g3 {[%emt 0:00:13]} Rg5 {[%emt 0:00:31]} 39. Kg2 {[%emt 0:00:43]} Qf7 {[%emt 0:00:38]} 40. Qe4 {[%emt 0:00:00]} Qc7 {[%emt 0:00:00]} 41. g4 {[%emt 0:07:51]} Kf7 {[%emt 0:03:56]} 42. h4 {[%emt 0:07:48]} Rg6 {[%emt 0:00:04]} 43. Qe5 {[%emt 0:00:09]} Qe7 {[%emt 0:10:41]} 44. Qh5 {[%emt 0:01:18]} Qd6 {[%emt 0:01:24]} 45. f4 {[%emt 0:08:33]} Rb6 {[%emt 0:04:07]} 46. Rad1 {[%emt 0:01:30]} a5 {[%emt 0:00:52]} 47. Rd3 {[%emt 0:06:53]} a4 {[%emt 0:00:17]} 48. Ra1 {[%emt 0:00:50]} Qc6+ {[%emt 0:04:24]} 49. Kg3 {[%emt 0:00:29]} axb3 {[%emt 0:00:54]} 50. Ra7+ {[%emt 0:00:30]} Rb7 {[%emt 0:00:01]} 51. Rxb7+ Qxb7 {[%emt 0:00:04]} 52. cxb3 {[%emt 0:01:03]} Qe4 {[%emt 0:00:18]} 53. Rf3 {[%emt 0:00:05]} Qe1+ {[%emt 0:01:11]} 54. Kh3 {[%emt 0:00:27]} Qh1+ {[%emt 0:03:58]} 55. Kg3 {[%emt 0:00:05]} 1/2-1/2

[Event "EYCC Open-U14 2019"]
[Site "Bratislava"]
[Date "2019.08.09"]
[Round "8.5"]
[White "Mitusov, Semen"]
[Black "Makoveev, Ilya"]
[Result "1/2-1/2"]
[WhiteElo "2199"]
[BlackElo "2288"]
[Annotator "NA"]
[PlyCount "60"]
[EventDate "2019.08.02"]
[EventType "swiss"]
[EventCountry "SVK"]
[SourceTitle "playchess.com"]
[Source "ChessBase"]
[SourceQuality "1"]
[TimeControl "40/5400+30:1800+30"]

1. e4 {[%emt 0:00:00]} c5 {[%emt 0:00:00]} 2. c3 {[%emt 0:00:00]} Nf6 {[%emt 0:00:50]} 3. e5 {[%emt 0:00:29]} Nd5 {[%emt 0:00:10]} 4. d4 {[%emt 0:00:03]} cxd4 {[%emt 0:00:40]} 5. cxd4 {[%emt 0:00:07]} d6 {[%emt 0:01:05]} 6. Nf3 {[%emt 0:03:10]} Nc6 {[%emt 0:00:30]} 7. Bc4 {[%emt 0:00:55]} Nb6 {[%emt 0:00:43]} 8. Bb3 {[%emt 0:00:36]} dxe5 {[%emt 0:01:02]} 9. Nxe5 {[%emt 0:01:22]} e6 {[%emt 0:07:08]} 10. Nxc6 {[%emt 0:05:52]} bxc6 {[%emt 0:00:02]} 11. O-O {[%emt 0:01:00]} Be7 {[%emt 0:08:54]} 12. Nc3 {[%emt 0:07:35]} O-O {[%emt 0:03:43]} 13. Be3 {[%emt 0:11:10]} a5 {[%emt 0:16:34]} 14. Rc1 {[%emt 0:09:05]} Ba6 {[%emt 0:01:45]} 15. Re1 {[%emt 0:01:47]} Nc4 {[%emt 0:05:10]} 16. Bxc4 {[%emt 0:08:53]} Bxc4 {[%emt 0:01:13]} 17. Qa4 {[%emt 0:01:08]} Bd5 {[%emt 0:02:58]} 18. Nxd5 {[%emt 0:03:47]} cxd5 {[%emt 0:00:23]} 19. Rc2 {[%emt 0:00:07]} Bd6 {[%emt 0:09:11]} 20. a3 {[%emt 0:07:35]} Qh4 {[%emt 0:07:37]} 21. g3 {[%emt 0:02:09]} Qe7 {[%emt 0:05:25]} 22. Qc6 {[%emt 0:09:49]} Rfd8 {[%emt 0:08:45]} 23. Rec1 {[%emt 0:01:46]} a4 {[%emt 0:01:51]} 24. Kg2 {[%emt 0:06:22]} h6 {[%emt 0:00:50]} 25. Kg1 {[%emt 0:01:08]} Kh7 {[%emt 0:00:20]} 26. Kg2 {[%emt 0:00:45]} Qa7 {[%emt 0:11:08]} 27. Qb5 {[%emt 0:02:49]} Rab8 {[%emt 0:00:34]} 28. Qd3+ {[%emt 0:00:00]} Kg8 {[%emt 0:00:13]} 29. Qd2 {[%emt 0:00:43]} Qb7 {[%emt 0:02:49]} 30. Bf4 {[%emt 0:01:16]} Qe7 {[%emt 0:02:25]} 1/2-1/2

[Event "EYCC Open-U14 2019"]
[Site "Bratislava"]
[Date "2019.08.09"]
[Round "8.6"]
[White "Chyzy, Jakub"]
[Black "Antonica, Dragos-Andrei"]
[Result "1/2-1/2"]
[WhiteElo "2093"]
[BlackElo "2124"]
[Annotator "NA"]
[PlyCount "101"]
[EventDate "2019.08.02"]
[EventType "swiss"]
[EventCountry "SVK"]
[SourceTitle "playchess.com"]
[Source "ChessBase"]
[SourceQuality "1"]
[TimeControl "40/5400+30:1800+30"]

1. e4 {[%emt 0:00:00]} e6 {[%emt 0:00:00]} 2. d4 {[%emt 0:00:00]} d5 {[%emt 0:00:00]} 3. Nc3 {[%emt 0:00:00]} Bb4 {[%emt 0:00:00]} 4. e5 {[%emt 0:00:00]} b6 {[%emt 0:00:35]} 5. Bd2 {[%emt 0:00:00]} a5 {[%emt 0:07:03]} 6. a3 {[%emt 0:04:28]} Bf8 {[%emt 0:00:26]} 7. Bb5+ {[%emt 0:03:52]} c6 {[%emt 0:02:27]} 8. Ba4 {[%emt 0:03:10]} Ne7 {[%emt 0:14:18]} 9. Nce2 {[%emt 0:01:57]} Ba6 {[%emt 0:00:23]} 10. c3 {[%emt 0:00:22]} Bd3 {[%emt 0:04:42]} 11. Ng3 {[%emt 0:14:19]} Bg6 {[%emt 0:16:38]} 12. N1e2 {[%emt 0:01:20]} Nf5 {[%emt 0:01:02]} 13. Nf4 {[%emt 0:10:09]} Be7 {[%emt 0:08:22]} 14. Bc2 {[%emt 0:09:05]} Nh4 {[%emt 0:05:35]} 15. O-O {[%emt 0:02:34]} Bg5 {[%emt 0:02:37]} 16. Nfh5 {[%emt 0:07:35]} Bxd2 {[%emt 0:07:35]} 17. Qxd2 {[%emt 0:00:08]} O-O {[%emt 0:00:16]} 18. f4 {[%emt 0:04:31]} Nd7 {[%emt 0:07:12]} 19. f5 {[%emt 0:12:45]} Nxf5 {[%emt 0:02:47]} 20. Bxf5 {[%emt 0:00:38]} exf5 {[%emt 0:00:54]} 21. Nf4 {[%emt 0:00:32]} Re8 {[%emt 0:01:48]} 22. Rae1 {[%emt 0:01:25]} Nf8 {[%emt 0:06:54]} 23. Nd3 {[%emt 0:05:18]} Qd7 {[%emt 0:01:32]} 24. Qf2 {[%emt 0:01:58]} Ra7 {[%emt 0:03:50]} 25. h4 {[%emt 0:02:21]} h6 {[%emt 0:00:44]} 26. Re3 {[%emt 0:01:21]} Bh7 {[%emt 0:02:11]} 27. Rf3 {[%emt 0:08:45]} f4 {[%emt 0:02:14]} 28. Nxf4 {[%emt 0:00:26]} Ng6 {[%emt 0:00:48]} 29. Nxg6 {[%emt 0:03:37]} Bxg6 {[%emt 0:00:01]} 30. h5 {[%emt 0:00:16]} Bh7 {[%emt 0:00:00]} 31. Nf5 {[%emt 0:01:50]} Bxf5 {[%emt 0:00:37]} 32. Rxf5 {[%emt 0:00:01]} Re6 {[%emt 0:00:50]} 33. Qg3 {[%emt 0:00:50]} Qe7 {[%emt 0:00:47]} 34. R5f4 {[%emt 0:00:49]} Qf8 {[%emt 0:00:41]} 35. Rg4 {[%emt 0:00:19]} Kh8 {[%emt 0:00:29]} 36. Rg6 {[%emt 0:00:42]} Rae7 {[%emt 0:00:30]} 37. Qg4 {[%emt 0:00:27]} Qg8 {[%emt 0:00:37]} 38. Rxe6 {[%emt 0:00:33]} Rxe6 {[%emt 0:00:09]} 39. Qf5 {[%emt 0:00:25]} f6 {[%emt 0:00:49]} 40. exf6 {[%emt 0:00:00]} Rxf6 {[%emt 0:00:00]} 41. Qe5 {[%emt 0:03:53]} Rxf1+ {[%emt 0:04:28]} 42. Kxf1 {[%emt 0:00:01]} Qc8 {[%emt 0:02:32]} 43. Kf2 {[%emt 0:02:08]} Kh7 {[%emt 0:01:38]} 44. Kg3 {[%emt 0:00:56]} Kh8 {[%emt 0:04:13]} 45. Kf4 {[%emt 0:03:31]} Qf8+ {[%emt 0:02:36]} 46. Qf5 {[%emt 0:00:45]} Qd6+ {[%emt 0:01:10]} 47. Qe5 {[%emt 0:00:27]} Qf8+ {[%emt 0:00:22]} 48. Qf5 {[%emt 0:00:56]} Qd6+ {[%emt 0:00:04]} 49. Kf3 {[%emt 0:00:11]} Qd8 {[%emt 0:00:10]} 50. Qe6 {[%emt 0:09:28]} Qg5 {[%emt 0:04:46]} 51. g4 {[%emt 0:11:31]} 1/2-1/2